|
|
|
|
| LEADER |
00895nam a2200265 a 4500 |
| 001 |
28943 |
| 003 |
BD-DhAAL |
| 005 |
20150328124841.0 |
| 008 |
150328s1999 enk 000 1 eng |
| 010 |
|
|
|a 00302622
|
| 020 |
|
|
|a 0571194567
|
| 020 |
|
|
|a 0571222129
|
| 040 |
|
|
|a DLC
|c DLC
|d DLC
|d BD-DhAAL
|
| 043 |
|
|
|a e-uk---
|
| 050 |
0 |
0 |
|a PR6061.U68
|b M54 1999
|
| 082 |
0 |
0 |
|a 823.914
|2 21
|
| 100 |
1 |
|
|a Kureishi, Hanif.
|9 5962
|
| 245 |
1 |
0 |
|a Midnight all day /
|c Hanif Kureishi.
|
| 260 |
|
|
|a London :
|b Faber and Faber,
|c 1999.
|
| 300 |
|
|
|a 217 p. ;
|c 22 cm.
|
| 541 |
|
|
|e 28943
|
| 651 |
|
0 |
|a Great Britain
|x Social life and customs
|y 20th century
|v Fiction.
|9 10156
|
| 942 |
|
|
|2 ddc
|c BK
|
| 999 |
|
|
|c 34170
|d 34170
|
| 952 |
|
|
|0 0
|1 0
|2 ddc
|4 0
|6 823_914000000000000_KUR
|7 0
|9 53317
|a BRACUL
|b BRACUL
|c GEN
|d 2015-03-28
|e Paragon Enterprise
|g 615.00
|l 11
|m 89
|o 823.914 KUR
|p 3010028943
|r 2026-03-04
|s 2026-02-18
|t 1
|w 2015-03-28
|y BK
|